Michigan Representatives (119th Congress) - Statistics

General Stats
  • This quiz has been taken 15 times
  • The average score is 10 of 13
Answer Stats
District Party Serving since... Representative % Correct
12 Democratic 2019 Rashida Tlaib
100%
6 Democratic 2015 Debbie Dingell
88%
11 Democratic 2019 Haley Stevens
88%
10 Republican 2023 John James
88%
13 Democratic 2023 Shri Thanedar
88%
8 Democratic 2025 Kristen McDonald Rivet
75%
9 Republican 2021 Lisa McClain
75%
3 Democratic 2023 Hillary Scholten
63%
1 Republican 2017 Jack Bergman
63%
2 Republican 2015 John Moolenaar
63%
7 Republican 2025 Tom Barrett
63%
4 Republican 2011 Bill Huizenga
50%
5 Republican 2011 Tim Walberg
50%
No matching quizzes found
Score Distribution
Percent of People with Each Score
Percentile by Number Answered
Your Score History
You have not taken this quiz